[Event "Accademia Cup"]
[Site "Roma ITA"]
[Date "1997.??.??"]
[Round "?"]
[White "Franchi, Jose' Maria"]
[Black "Colangeli, Claudio"]
[Result "0-1"]
[WhiteElo "1846"]
[BlackElo "1600"]
[PlyCount "96"]
[EventDate "1997.??.??"]

1. d4 d5 2. Nf3 Nf6 3. h3 e6 4. Bg5 Be7 5. e3 h6 6. Bh4 O-O 7. Bd3 Nbd7 8. O-O
c5 9. c3 b6 10. Nbd2 Bb7 11. Rc1 c4 12. Bb1 b5 13. Re1 Nb6 14. e4 dxe4 15. Nxe4
Nxe4 16. Bxe4 Bxe4 17. Bxe7 Qxe7 18. Rxe4 Nd5 19. Ne5 Rfc8 20. Qd2 a5 21. Ng4
f5 22. Nxh6+ gxh6 23. Re5 Qg5 24. Qxg5+ hxg5 25. Rxe6 Kf7 26. Re5 Nf4 27. Rc2
Rab8 28. Rxf5+ Kg6 29. Re5 Re8 30. Rc5 Nd3 31. Rc6+ Kf5 32. g4+ Ke4 33. Re2+
Kf3 34. Rxe8 Rxe8 35. Rf6+ Ke4 36. Rf5 Nxb2 37. Rxb5 Na4 38. Rxg5 Nxc3 39. Rc5
Kxd4 40. Rc7 Ne2+ 41. Kf1 c3 42. Rd7+ Kc4 43. Ke1 Nd4+ 44. Kf1 c2 45. Rc7+ Kd3
46. g5 Re6 47. f4 Kd2 48. f5 Nxf5 0-1

[Event "Accademia Cup"]
[Site "Roma ITA"]
[Date "1997.??.??"]
[Round "?"]
[White "Franchi, Jose' Maria"]
[Black "Corinthios, Raimondo"]
[Result "1-0"]
[WhiteElo "1846"]
[BlackElo "1510"]
[PlyCount "53"]
[EventDate "1997.??.??"]

1. d4 Nf6 2. Nf3 b6 3. Bg5 Ne4 4. Bh4 h6 5. e3 g5 6. Bg3 Nxg3 7. hxg3 Bg7 8.
Bd3 d6 9. Nbd2 d5 10. c3 Bg4 11. Qe2 Nd7 12. e4 c5 13. e5 cxd4 14. cxd4 e6 15.
O-O h5 16. Bb5 h4 17. Bxd7+ Qxd7 18. Rfc1 h3 19. Rc3 hxg2 20. Kxg2 Bh3+ 21. Kg1
Bg4 22. Rac1 Kd8 23. Qa6 Rh5 24. a4 f5 25. a5 Bf8 26. axb6 Qg7 27. Rc8+ 1-0

[Event "Accademia Cup"]
[Site "Roma ITA"]
[Date "1997.??.??"]
[Round "?"]
[White "Franchi, Jose' Maria"]
[Black "Farina, Saverio"]
[Result "0-1"]
[WhiteElo "1846"]
[BlackElo "2170"]
[PlyCount "48"]
[EventDate "1997.??.??"]

1. e4 e6 2. d4 d5 3. Nc3 c5 4. exd5 exd5 5. dxc5 Nf6 6. Bg5 Be7 7. Nf3 Nc6 8.
Be2 O-O 9. O-O Be6 10. Qd2 Qa5 11. Qf4 Qxc5 12. Rad1 Rad8 13. Nd4 Bd6 14. Qh4
Be5 15. Nf3 Bxc3 16. bxc3 Qe7 17. Bd3 h6 18. Bxh6 gxh6 19. Qxh6 Ne4 20. Rfe1
Qf6 21. Qh5 Kg7 22. Bxe4 dxe4 23. Rxd8 Rxd8 24. Rxe4 Rd5 0-1

[Event "Accademia Cup"]
[Site "Roma ITA"]
[Date "1997.??.??"]
[Round "?"]
[White "Franchi, Jose' Maria"]
[Black "Galeno, Giorgio"]
[Result "1/2-1/2"]
[WhiteElo "1846"]
[BlackElo "1725"]
[PlyCount "61"]
[EventDate "1997.??.??"]

1. e4 d6 2. d4 Nf6 3. Nc3 g6 4. f4 Bg7 5. Nf3 O-O 6. Bd3 Na6 7. O-O c5 8. d5
Nc7 9. a4 Bd7 10. Qe1 Ng4 11. f5 Ne5 12. fxg6 fxg6 13. Qh4 Nxf3+ 14. gxf3 e6
15. Bg5 Bf6 16. Bxf6 Qxf6 17. Qxf6 Rxf6 18. dxe6 Bxe6 19. e5 dxe5 20. Ne4 Rf4
21. Nxc5 Bd5 22. Be4 Bxe4 23. Nxe4 Raf8 24. Ra3 Ne6 25. Kg2 b6 26. Rd3 Nd4 27.
Ng5 h6 28. Nh3 R4f7 29. c3 Nf5 30. Rf2 Nh4+ 31. Kg3 1/2-1/2

[Event "Accademia Cup"]
[Site "Roma ITA"]
[Date "1997.??.??"]
[Round "?"]
[White "Franchi, Jose' Maria"]
[Black "Scacco, Mauro"]
[Result "1/2-1/2"]
[WhiteElo "1846"]
[BlackElo "2035"]
[PlyCount "80"]
[EventDate "1997.??.??"]

1. Nf3 Nf6 2. g3 g6 3. b3 Bg7 4. Bb2 d6 5. d4 O-O 6. Bg2 c5 7. e3 Ne4 8. O-O
Nd7 9. Qe2 Ndf6 10. c4 Bg4 11. h3 Bd7 12. Nc3 Nxc3 13. Bxc3 Ne4 14. Bb2 Rb8 15.
dxc5 Bxb2 16. Qxb2 Nxc5 17. Nd4 a6 18. h4 e5 19. Ne2 b5 20. cxb5 Bxb5 21. Rfd1
Bd3 22. Nc3 a5 23. Qd2 e4 24. Nd5 Re8 25. b4 axb4 26. Nxb4 Qf6 27. Bf1 Rb7 28.
Bxd3 Nxd3 29. Nxd3 exd3 30. Rab1 Reb8 31. Rxb7 Rxb7 32. Qxd3 Ra7 33. Qxd6 Qxd6
34. Rxd6 Rxa2 35. h5 Kg7 36. hxg6 hxg6 37. Kg2 g5 38. g4 f6 39. Kg3 Ra3 40. Kf3
Ra2 1/2-1/2

[Event "Accademia Cup"]
[Site "Roma ITA"]
[Date "1997.??.??"]
[Round "?"]
[White "Galeno, Giorgio"]
[Black "Lantini, Marco"]
[Result "0-1"]
[WhiteElo "1725"]
[BlackElo "2190"]
[PlyCount "128"]
[EventDate "1997.??.??"]

1. d4 d5 2. Nf3 Nf6 3. c3 e6 4. Bg5 Be7 5. e3 Ne4 6. Bxe7 Qxe7 7. Nbd2 Nxd2 8.
Qxd2 Nd7 9. c4 O-O 10. Rc1 c5 11. Be2 cxd4 12. Nxd4 dxc4 13. Bxc4 Rd8 14. Qc3
Nb6 15. Bb3 e5 16. Nf3 Re8 17. O-O Bd7 18. e4 Rac8 19. Qe3 Bc6 20. Rfd1 h6 21.
Nd2 Rcd8 22. Nf1 Qf6 23. Ng3 Rd4 24. f3 Red8 25. Nf5 Rxd1+ 26. Rxd1 Rxd1+ 27.
Bxd1 Bd7 28. Ng3 Qd6 29. Bb3 a5 30. Qc3 a4 31. Bc2 g6 32. Qd3 Qc5+ 33. Kh1 Qf2
34. Qe2 Qd4 35. Bd3 Be6 36. h4 h5 37. b3 axb3 38. axb3 Bxb3 39. Bc2 Bc4 40. Qe1
Qd8 41. Nf1 Bxf1 42. Qxf1 Qxh4+ 43. Kg1 Qd8 44. f4 Qd4+ 45. Kh1 Qd2 46. Bb3
Qxf4 47. Qd1 Qh4+ 48. Kg1 Qe7 49. Qd3 Qc5+ 50. Kh1 Qd4 51. Qb5 Qd8 52. Qxe5 Nd7
53. Qd5 Qe8 54. Qxb7 Nf6 55. e5 Ng4 56. e6 fxe6 57. Qb6 Kf7 58. Qc7+ Qe7 59.
Qf4+ Kg7 60. Qd4+ Kh7 61. g3 Qb7+ 62. Kg1 Qxb3 63. Qd7+ Kh6 64. Qf7 Qxg3+ 0-1

[Event "Accademia Cup"]
[Site "Roma ITA"]
[Date "1997.??.??"]
[Round "?"]
[White "Galeno, Giorgio"]
[Black "Marino, Giovanni"]
[Result "1-0"]
[WhiteElo "1725"]
[BlackElo "1869"]
[PlyCount "61"]
[EventDate "1997.??.??"]

1. d4 Nf6 2. c4 e6 3. Nc3 Bb4 4. e3 d5 5. a3 Be7 6. Nf3 O-O 7. c5 c6 8. Bd3
Nbd7 9. b4 Qc7 10. Ne2 e5 11. dxe5 Nxe5 12. Nxe5 Qxe5 13. Ra2 Bg4 14. Bb2 d4
15. Bxd4 Qd5 16. Qb1 Be6 17. Rd2 Qxg2 18. Bxh7+ Kh8 19. Rg1 Qxh2 20. Bf5 Bc4
21. Be4 Bd5 22. Rh1 Qxh1+ 23. Bxh1 Bxh1 24. Ng3 Bd5 25. f4 g6 26. e4 Be6 27. f5
Bc8 28. Qb2 Kg7 29. Nh5+ gxh5 30. Rg2+ Kh7 31. Bxf6 1-0

[Event "Accademia Cup"]
[Site "Roma ITA"]
[Date "1997.??.??"]
[Round "?"]
[White "Galeno, Giorgio"]
[Black "Pasqualucci, Colombo"]
[Result "1/2-1/2"]
[WhiteElo "1725"]
[BlackElo "1800"]
[PlyCount "72"]
[EventDate "1997.??.??"]

1. d4 Nf6 2. Nf3 g6 3. Bg5 Bg7 4. Nbd2 d5 5. e3 c6 6. Bd3 Nbd7 7. O-O O-O 8.
Re1 Re8 9. Ne5 Nxe5 10. dxe5 Nd7 11. f4 Nc5 12. Be2 Bf5 13. Bf3 Qb6 14. g4 Bd7
15. Rb1 Ne6 16. Kg2 Nxg5 17. fxg5 Bxe5 18. h4 Qd8 19. e4 e6 20. Nb3 b6 21. Qd2
Qc7 22. Rh1 Rad8 23. c3 c5 24. Qe2 Bf4 25. h5 Bxg5 26. hxg6 fxg6 27. exd5 exd5
28. Bxd5+ Kg7 29. Qf3 Be6 30. Be4 Qc8 31. Rbe1 Bxg4 32. Rxh7+ Kxh7 33. Qf7+ Kh8
34. Rh1+ Bh3+ 35. Rxh3+ Qxh3+ 36. Kxh3 Rxe4 1/2-1/2

[Event "Accademia Cup"]
[Site "Roma ITA"]
[Date "1997.??.??"]
[Round "?"]
[White "Galeno, Giorgio"]
[Black "Tinari, Marco"]
[Result "1-0"]
[WhiteElo "1725"]
[BlackElo "1911"]
[PlyCount "51"]
[EventDate "1997.??.??"]

1. d4 f5 2. c4 Nf6 3. Nc3 e6 4. Nf3 Be7 5. g3 O-O 6. Bg2 Qe8 7. O-O Ne4 8. Bf4
d6 9. Qc1 c6 10. Ng5 d5 11. f3 Nxc3 12. Qxc3 Qg6 13. Nh3 Nd7 14. cxd5 exd5 15.
Nf2 Bd6 16. Bxd6 Qxd6 17. e4 fxe4 18. fxe4 Nb6 19. e5 Qh6 20. Rae1 Bf5 21. b3
Qg6 22. Nh3 Bxh3 23. Bxh3 Rxf1+ 24. Rxf1 Re8 25. Qf3 Nc8 26. Bg4 1-0

[Event "Accademia Cup"]
[Site "Roma ITA"]
[Date "1997.??.??"]
[Round "?"]
[White "Gardon, Ermanno"]
[Black "De Carolis, Maurizio"]
[Result "0-1"]
[WhiteElo "1683"]
[BlackElo "1570"]
[PlyCount "77"]
[EventDate "1997.??.??"]

1. e4 d6 2. d4 Nf6 3. Nc3 c6 4. f3 Qa5 5. Be3 e5 6. Nge2 Be6 7. Nc1 Be7 8. Nb3
Qc7 9. Bd3 O-O 10. O-O exd4 11. Nxd4 Nbd7 12. f4 Nc5 13. Nxe6 Nxe6 14. Qf3 Nc5
15. Bxc5 dxc5 16. e5 Nd5 17. Qh3 g6 18. Ne4 Qb6 19. c4 f5 20. exf6 Nxf6 21.
Qe6+ Kh8 22. Qe5 Qd8 23. Nf2 Bd6 24. Qe3 Qc7 25. Qh3 Kg7 26. f5 g5 27. Rae1
Rae8 28. Ne4 Nxe4 29. Bxe4 Rf6 30. Qh5 Ref8 31. Qxg5+ Kh8 32. Qh4 Be5 33. b3
Rg8 34. Re2 Qg7 35. Qe1 Qh6 36. g3 Qg5 37. Bb1 Bd4+ 38. Kg2 Qh5 39. Rf4 {...}
0-1

[Event "Accademia Cup"]
[Site "Roma ITA"]
[Date "1997.??.??"]
[Round "?"]
[White "Gardon, Ermanno"]
[Black "Fanciulli, Gianluca"]
[Result "1-0"]
[WhiteElo "1683"]
[BlackElo "1564"]
[PlyCount "39"]
[EventDate "1997.??.??"]

1. e4 c6 2. c4 e5 3. Nf3 d6 4. d4 Qc7 5. Nc3 Nf6 6. Be2 Bg4 7. dxe5 dxe5 8. Nh4
Bxe2 9. Qxe2 Bb4 10. Bd2 O-O 11. O-O Rd8 12. a3 Bf8 13. f4 exf4 14. Bxf4 Bd6
15. e5 Bc5+ 16. Kh1 Ne8 17. e6 Nd6 18. Ne4 Qb6 19. Bxd6 Bxd6 20. Nxd6 1-0

[Event "Accademia Cup"]
[Site "Roma ITA"]
[Date "1997.??.??"]
[Round "?"]
[White "Gardon, Ermanno"]
[Black "Monteleone, Antonio"]
[Result "1-0"]
[WhiteElo "1683"]
[BlackElo "2195"]
[PlyCount "75"]
[EventDate "1997.??.??"]

1. e4 Nf6 2. e5 Nd5 3. c4 Nb6 4. c5 Nd5 5. Bc4 e6 6. Nc3 Nf4 7. d4 Nxg2+ 8. Kf1
Nh4 9. Nf3 Nxf3 10. Qxf3 Nc6 11. Qg4 f5 12. Qf4 g5 13. Qxg5 Qxg5 14. Bxg5 Nxd4
15. Rd1 Rg8 16. Bf6 Nc6 17. Nb5 Kf7 18. Nxc7 Rb8 19. b4 Nxb4 20. Be2 a6 21.
Bh5+ Rg6 22. Rb1 Bxc5 23. Bxg6+ hxg6 24. h4 Nc6 25. h5 gxh5 26. Rxh5 f4 27.
Rh7+ Kg6 28. Rg7+ Kf5 29. f3 Nxe5 30. Bxe5 Kxe5 31. Nxa6 Kf6 32. Rg4 Ra8 33.
Nxc5 e5 34. Rb6+ d6 35. Ne4+ Ke7 36. Rg7+ Kf8 37. Rc7 Bh3+ 38. Ke1 1-0

[Event "Accademia Cup"]
[Site "Roma ITA"]
[Date "1997.??.??"]
[Round "?"]
[White "Gardon, Ermanno"]
[Black "Vannelli, Vittorio"]
[Result "1-0"]
[WhiteElo "1683"]
[BlackElo "1567"]
[PlyCount "103"]
[EventDate "1997.??.??"]

1. e4 c5 2. Nf3 Nc6 3. d4 cxd4 4. Nxd4 Nf6 5. Nc3 e5 6. Ndb5 d6 7. Nd5 Nxd5 8.
exd5 Ne7 9. c4 a6 10. Qa4 axb5 11. Qxa8 Qc7 12. Bd2 g6 13. Rc1 Bg7 14. cxb5 Qd7
15. b6 O-O 16. Rc7 Qf5 17. Qa5 Qe4+ 18. Be3 Qxd5 19. Qxd5 Nxd5 20. Rc1 Be6 21.
Bc4 Rc8 22. b3 Nxe3 23. fxe3 d5 24. O-O dxc4 25. bxc4 Rxc4 26. Rxc4 Bxc4 27.
Rc1 Bd5 28. a4 Bf8 29. Rb1 Bc5 30. Kf2 Bc6 31. a5 Be4 32. a6 bxa6 33. b7 Bxb7
34. Rxb7 a5 35. Rb5 Bb4 36. Rxe5 Kg7 37. Kf3 Bc3 38. Rc5 Bb4 39. Rc6 f5 40.
Rc7+ Kf6 41. Rxh7 a4 42. Ra7 a3 43. e4 fxe4+ 44. Kxe4 Bc5 45. Ra6+ Kf7 46. Kf4
Kg7 47. Ke5 Kh6 48. Kf6 Bd4+ 49. Kf7 Kh5 50. Rxa3 g5 51. Ke6 Kg6 52. Ra6 1-0

[Event "Accademia Cup"]
[Site "Roma ITA"]
[Date "1997.??.??"]
[Round "?"]
[White "Gaspero, Mario"]
[Black "Concutelli, Alberto"]
[Result "1-0"]
[WhiteElo "1806"]
[BlackElo "1600"]
[PlyCount "103"]
[EventDate "1997.??.??"]

1. e4 e5 2. Nf3 Nc6 3. Bc4 Nf6 4. d3 Bc5 5. Nc3 d6 6. Bg5 h6 7. Bxf6 Qxf6 8.
Nd5 Qd8 9. c3 Na5 10. b4 Nxc4 11. bxc5 Na5 12. cxd6 cxd6 13. h3 Be6 14. O-O O-O
15. Ne3 Rc8 16. c4 Nc6 17. Qb3 Qd7 18. Rfb1 b6 19. Qd1 Ne7 20. Nh2 Ng6 21. Nd5
f5 22. f3 f4 23. a4 Ne7 24. Nxe7+ Qxe7 25. a5 bxa5 26. Rxa5 Qg5 27. Kh1 Rb8 28.
Rxa7 Rxb1 29. Qxb1 Rf6 30. Qf1 Qg3 31. Ra2 Rg6 32. Rc2 Bd7 33. c5 dxc5 34. Rxc5
Rg5 35. Ng4 Bxg4 36. fxg4 Qe3 37. Rc8+ Kh7 38. Qf3 h5 39. Qxe3 fxe3 40. gxh5 e2
41. Rc1 Rg3 42. Re1 Rxd3 43. Rxe2 Kh6 44. Kh2 Kxh5 45. Rf2 g6 46. Rf3 Rd4 47.
Re3 Kg5 48. Kg3 Rd2 49. Kf3 Rd1 50. Ke2 Ra1 51. Rg3+ Kf4 52. Rg4# 1-0

[Event "Accademia Cup"]
[Site "Roma ITA"]
[Date "1997.??.??"]
[Round "?"]
[White "Gaspero, Mario"]
[Black "Fantazzini, Massimiliano"]
[Result "1-0"]
[WhiteElo "1806"]
[BlackElo "1753"]
[PlyCount "49"]
[EventDate "1997.??.??"]

1. d4 Nf6 2. c4 e6 3. Nf3 b6 4. g3 Bb7 5. Bg2 Be7 6. O-O O-O 7. Nc3 d6 8. Qc2
Re8 9. Bg5 Nfd7 10. Bxe7 Qxe7 11. Ng5 Qxg5 12. Bxb7 c6 13. Bxa8 Qd8 14. d5 exd5
15. cxd5 Re5 16. dxc6 Nf6 17. Nb5 Rc5 18. c7 Qc8 19. Qd3 Nbd7 20. Bg2 Rh5 21.
Nxd6 Qxc7 22. Rac1 Nc5 23. b4 Ng4 24. bxc5 bxc5 25. Nb7 1-0

[Event "Accademia Cup"]
[Site "Roma ITA"]
[Date "1997.??.??"]
[Round "?"]
[White "Gaspero, Mario"]
[Black "Giangregorio, Pasquale"]
[Result "0-1"]
[WhiteElo "1806"]
[BlackElo "1767"]
[PlyCount "48"]
[EventDate "1997.??.??"]

1. e4 c6 2. d4 d5 3. exd5 cxd5 4. c4 Nf6 5. Nc3 e6 6. Bg5 Be7 7. Nf3 Nc6 8. c5
h6 9. Bf4 a6 10. Ne5 Bd7 11. Nxc6 Bxc6 12. b4 Ne4 13. Na4 Bxa4 14. Qxa4+ Qd7
15. Qc2 Bf6 16. Qd3 Qa4 17. a3 O-O 18. Rb1 a5 19. f3 Ng5 20. Be2 axb4 21. axb4
Qa3 22. Qd2 Qa2 23. Qd1 Bxd4 24. Bd3 Qf2# 0-1

[Event "Accademia Cup"]
[Site "Roma ITA"]
[Date "1997.??.??"]
[Round "?"]
[White "Gaspero, Mario"]
[Black "Vigile, Matteo"]
[Result "1-0"]
[WhiteElo "1806"]
[BlackElo "1567"]
[PlyCount "37"]
[EventDate "1997.??.??"]

1. d4 d5 2. c4 e6 3. Nc3 Nf6 4. Bg5 Nbd7 5. Nf3 c6 6. e3 Qa5 7. cxd5 Nxd5 8.
Qd2 Bb4 9. Rc1 O-O 10. e4 N5f6 11. Bd3 c5 12. a3 Bxc3 13. Rxc3 cxd4 14. Nxd4
Nc5 15. Bxf6 Nxd3+ 16. Qxd3 gxf6 17. O-O Rd8 18. Qe3 Bd7 19. Qh6 1-0

[Event "Accademia Cup"]
[Site "Roma ITA"]
[Date "1997.??.??"]
[Round "?"]
[White "Gatta, Flavio"]
[Black "Di Giulio, Michele"]
[Result "1-0"]
[WhiteElo "1528"]
[BlackElo "1615"]
[PlyCount "105"]
[EventDate "1997.??.??"]

1. e4 c6 2. d4 d5 3. Nc3 dxe4 4. Nxe4 Bf5 5. Ng3 Bg6 6. h4 h6 7. Nf3 Nd7 8. h5
Bh7 9. Bd3 Bxd3 10. Qxd3 Qc7 11. Be3 Ngf6 12. O-O-O e6 13. Ne4 Nxe4 14. Qxe4
Nf6 15. Qd3 Bd6 16. Qb3 O-O-O 17. Nd2 Ng4 18. Ne4 Bf4 19. Kb1 Nxe3 20. fxe3 Bd6
21. Qc3 f6 22. Rhf1 Rhe8 23. Qd3 e5 24. c3 Qe7 25. Rde1 Bc7 26. Qc4 Qe6 27.
Qxe6+ Rxe6 28. Nc5 Re7 29. Nd3 Rde8 30. Kc2 exd4 31. exd4 Rxe1 32. Rxe1 Rxe1
33. Nxe1 Kd7 34. Kd3 Ke6 35. Ke4 f5+ 36. Ke3 Kf6 37. Nf3 b5 38. a3 a5 39. b3
Bd6 40. a4 bxa4 41. bxa4 Ba3 42. Ne5 c5 43. Nd7+ Kg5 44. Nxc5 Bb2 45. c4 Kg4
46. Ne6 Kg3 47. c5 Kxg2 48. Kf4 Kh3 49. Kxf5 Kh4 50. Kg6 Kg4 51. d5 Ba3 52. d6
Bb2 53. c6 1-0

[Event "Accademia Cup"]
[Site "Roma ITA"]
[Date "1997.??.??"]
[Round "?"]
[White "Gatta, Flavio"]
[Black "Mazziotto, Nicola"]
[Result "0-1"]
[WhiteElo "1528"]
[BlackElo "1522"]
[PlyCount "92"]
[EventDate "1997.??.??"]

1. e4 e5 2. Nf3 Nc6 3. Bb5 a6 4. Bxc6 dxc6 5. O-O Bd6 6. d4 Bg4 7. dxe5 Bxf3 8.
Qxf3 Bxe5 9. Nd2 Bd4 10. Rd1 Qf6 11. c3 Ba7 12. Nc4 Qxf3 13. gxf3 Ne7 14. Bf4
b5 15. Ne5 f6 16. Ng4 Bb6 17. Rd3 Ng6 18. Bg3 h5 19. Nxf6+ gxf6 20. h4 Ke7 21.
Rad1 Rad8 22. f4 Rxd3 23. Rxd3 Rd8 24. Rxd8 Kxd8 25. Kg2 Bc5 26. f5 Ne7 27. Bf4
Bd6 28. Be3 c5 29. Bh6 Be5 30. f4 Bd6 31. Kf3 Ke8 32. Bg7 Kf7 33. Bh8 Nc6 34.
Ke3 Bf8 35. e5 fxe5 36. fxe5 Bg7 37. Bxg7 Kxg7 38. Kf4 b4 39. Ke4 bxc3 40. bxc3
Kf7 41. Kd5 Ne7+ 42. Ke4 c4 43. f6 Ng6 44. Kf5 Nxh4+ 45. Kf4 Ng6+ 46. Kg5 Nxe5
0-1

[Event "Accademia Cup"]
[Site "Roma ITA"]
[Date "1997.??.??"]
[Round "?"]
[White "Gatta, Flavio"]
[Black "Piacentini, Carlo"]
[Result "1/2-1/2"]
[WhiteElo "1528"]
[BlackElo "1680"]
[PlyCount "79"]
[EventDate "1997.??.??"]

1. e4 e5 2. Nf3 Nc6 3. Bb5 a6 4. Bxc6 dxc6 5. O-O Bg4 6. h3 Bxf3 7. Qxf3 Nf6 8.
d3 Be7 9. Nd2 O-O 10. Nc4 Nd7 11. Bd2 b5 12. Ne3 Bg5 13. Qg3 Bxe3 14. Bxe3 Qe7
15. Rfe1 c5 16. Qg4 a5 17. Bh6 f6 18. Rad1 Rfd8 19. h4 Ra6 20. Bc1 Nf8 21. Re3
Ne6 22. Rg3 Rad6 23. f4 exf4 24. Bxf4 Nxf4 25. Qxf4 c4 26. Qf5 c6 27. Re3 Qa7
28. Qf2 cxd3 29. Rexd3 Qe7 30. Qf5 g6 31. Rxd6 Rxd6 32. Qc8+ Kg7 33. Rxd6 Qxd6
34. Qe8 Qd4+ 35. Kh2 Qxb2 36. Qxc6 Qe5+ 37. Kh3 b4 38. Qd7+ Kh6 39. Qd2+ Kg7
40. Qd7+ 1/2-1/2

[Event "Accademia Cup"]
[Site "Roma ITA"]
[Date "1997.??.??"]
[Round "?"]
[White "Gatta, Flavio"]
[Black "Pierangeli, Andrea"]
[Result "0-1"]
[WhiteElo "1528"]
[BlackElo "1729"]
[PlyCount "90"]
[EventDate "1997.??.??"]

1. e4 e6 2. d4 d5 3. Nc3 Nf6 4. e5 Nfd7 5. f4 c5 6. Nf3 Nc6 7. Be3 Be7 8. Be2
O-O 9. O-O cxd4 10. Nxd4 a6 11. Bd3 Nxd4 12. Bxd4 f5 13. exf6 Bxf6 14. Bxf6
Nxf6 15. Kh1 Qd6 16. a3 Bd7 17. Qe2 Rae8 18. Rae1 Bc6 19. Qf2 e5 20. fxe5 Rxe5
21. Rxe5 Qxe5 22. Kg1 Nd7 23. Qe2 Rxf1+ 24. Qxf1 Qe3+ 25. Kh1 Ne5 26. Bf5 g6
27. Be6+ Kg7 28. Bxd5 Ng4 29. Bxc6 bxc6 30. Nd1 Qd2 31. h3 Nf6 32. Qd3 Qe1+ 33.
Kh2 h5 34. Qd4 c5 35. Qd3 h4 36. Nc3 a5 37. Qe2 Qg3+ 38. Kg1 Qg5 39. Qe7+ Kh6
40. Qf8+ Kh7 41. Qf7+ Kh8 42. Qf8+ Ng8 43. Ne4 Qc1+ 44. Kh2 Qxb2 45. Ng5 Qe5+
0-1

[Event "Accademia Cup"]
[Site "Roma ITA"]
[Date "1997.??.??"]
[Round "?"]
[White "Giangregorio, Pasquale"]
[Black "Farina, Saverio"]
[Result "0-1"]
[WhiteElo "1767"]
[BlackElo "2170"]
[PlyCount "68"]
[EventDate "1997.??.??"]

1. c4 e6 2. g3 d5 3. Bg2 c5 4. cxd5 exd5 5. d4 Nc6 6. Nf3 Nf6 7. Bg5 Be6 8. O-O
Be7 9. Nc3 O-O 10. Re1 cxd4 11. Nxd4 h6 12. Bxf6 Bxf6 13. e3 Nxd4 14. exd4 Rc8
15. Ne2 Qb6 16. b3 Rc6 17. Qd3 Rfc8 18. Rad1 Rc2 19. Rd2 Qa5 20. Red1 Qxa2 21.
Nf4 Rxd2 22. Rxd2 Rc1+ 23. Rd1 Qa1 24. Rxc1 Qxc1+ 25. Qf1 Qxf1+ 26. Kxf1 Bxd4
27. Bxd5 Bxd5 28. Nxd5 g6 29. Ke2 f5 30. f3 Kf7 31. Kd3 Bg1 32. h3 g5 33. g4
Ke6 34. Kc4 b5+ 0-1

[Event "Accademia Cup"]
[Site "Roma ITA"]
[Date "1997.??.??"]
[Round "?"]
[White "Giangregorio, Pasquale"]
[Black "Melega, Gianluigi"]
[Result "1-0"]
[WhiteElo "1767"]
[BlackElo "1513"]
[PlyCount "113"]
[EventDate "1997.??.??"]

1. c4 f5 2. Nc3 Nf6 3. g3 e6 4. Bg2 c6 5. d4 Bb4 6. Nf3 O-O 7. O-O Bxc3 8. bxc3
Qe8 9. Ba3 Ne4 10. Bxf8 Qxf8 11. Qb3 b6 12. Rad1 Na6 13. Ne5 Rb8 14. Qc2 Nf6
15. f3 Nc7 16. e4 f4 17. gxf4 Nh5 18. f5 Nf4 19. Rf2 Ne8 20. Qd2 Nxg2 21. Rxg2
Nf6 22. Qg5 b5 23. Kh1 bxc4 24. Rdg1 d6 25. Qxg7+ Qxg7 26. Rxg7+ Kf8 27. Nxc4
exf5 28. Nxd6 Be6 29. e5 Bd5 30. R7g3 Nh5 31. c4 Nxg3+ 32. Rxg3 f4 33. Rh3 Rb1+
34. Kg2 Rb2+ 35. Kf1 Bg8 36. Rh4 Rxa2 37. Rxf4+ Ke7 38. Rg4 Kf8 39. Re4 Rxh2
40. e6 Bxe6 41. Rxe6 a5 42. Ne4 a4 43. Rxc6 a3 44. Nf2 Rh4 45. d5 a2 46. Ra6
Rxc4 47. Rxa2 Rd4 48. Ra5 Ke7 49. Ne4 h6 50. Ra7+ Kd8 51. d6 h5 52. Rh7 Rd5 53.
Kf2 Rf5 54. Kg3 Kc8 55. d7+ Kd8 56. Nd6 Rd5 57. Nb7+ 1-0

[Event "Accademia Cup"]
[Site "Roma ITA"]
[Date "1997.??.??"]
[Round "?"]
[White "Giangregorio, Pasquale"]
[Black "Monteleone, Antonio"]
[Result "0-1"]
[WhiteElo "1767"]
[BlackElo "2195"]
[PlyCount "58"]
[EventDate "1997.??.??"]

1. c4 c5 2. Nc3 Nf6 3. e4 Nc6 4. g3 e6 5. Bg2 Be7 6. Nge2 O-O 7. O-O d6 8. d3
a6 9. h3 Qc7 10. a4 b6 11. Be3 Bb7 12. f4 Rfd8 13. f5 d5 14. cxd5 exd5 15. Nxd5
Nxd5 16. exd5 Nb4 17. Bf4 Qd7 18. Nc3 Nxd5 19. Nxd5 Bxd5 20. Be4 Bf6 21. Qc2
Rac8 22. Rad1 Qc6 23. b3 Rd7 24. Kg2 Rcd8 25. Kf3 b5 26. Rc1 Bxe4+ 27. dxe4
Rd3+ 28. Kg4 Qxe4 29. axb5 h5+ 0-1

[Event "Accademia Cup"]
[Site "Roma ITA"]
[Date "1997.??.??"]
[Round "?"]
[White "Giangregorio, Pasquale"]
[Black "Scacco, Mauro"]
[Result "0-1"]
[WhiteElo "1767"]
[BlackElo "2035"]
[PlyCount "88"]
[EventDate "1997.??.??"]

1. c4 Nf6 2. Nc3 g6 3. g3 Bg7 4. Bg2 O-O 5. Nf3 d6 6. O-O e5 7. d4 Nc6 8. e4
Bg4 9. Be3 exd4 10. Bxd4 Nxd4 11. Qxd4 Re8 12. Qd3 Nd7 13. Rfe1 Nc5 14. Qc2 c6
15. Rad1 Qc7 16. h3 Be6 17. b3 Rad8 18. Nd4 Bc8 19. Nce2 Qb6 20. Kh2 a5 21. f4
a4 22. Rd2 axb3 23. axb3 Ne6 24. Red1 Nxd4 25. Nxd4 h5 26. Nf3 Qc5 27. Ne1 h4
28. gxh4 Qe3 29. Rf2 Bh6 30. Rf3 Qxe4 31. Qxe4 Rxe4 32. Kg3 Rde8 33. Nd3 Rd4
34. Nf2 Rxd1 35. Nxd1 Bf5 36. Nf2 Bg7 37. Ng4 Be4 38. Re3 f5 39. Bxe4 fxe4 40.
Nf2 d5 41. Kg4 Bd4 42. Re2 Kg7 43. Nh1 Kf6 44. Ng3 44... Rh8 {...} 0-1

[Event "Accademia Cup"]
[Site "Roma ITA"]
[Date "1997.??.??"]
[Round "?"]
[White "Guglielmi, Dante"]
[Black "Failli, Riccardo"]
[Result "1-0"]
[WhiteElo "1651"]
[BlackElo "1699"]
[PlyCount "53"]
[EventDate "1997.??.??"]

1. c4 f5 2. g3 Nf6 3. Bg2 g6 4. Nc3 Bg7 5. Nf3 O-O 6. O-O d6 7. Rb1 e5 8. d3
Nc6 9. Bg5 h6 10. Bd2 Qe8 11. b4 g5 12. b5 Ne7 13. c5 Qh5 14. cxd6 cxd6 15. b6
a6 16. e3 Rb8 17. Ne1 Qg6 18. Qb3+ Kh8 19. Nf3 Bd7 20. Qa3 Nh5 21. h4 e4 22.
dxe4 fxe4 23. Nd4 gxh4 24. Nxe4 Be5 25. Nf3 Qxe4 26. Nxe5 Qf5 27. Qxd6 1-0

[Event "Accademia Cup"]
[Site "Roma ITA"]
[Date "1997.??.??"]
[Round "?"]
[White "Guglielmi, Dante"]
[Black "Marino, Danilo"]
[Result "1/2-1/2"]
[WhiteElo "1651"]
[BlackElo "1881"]
[PlyCount "56"]
[EventDate "1997.??.??"]

1. c4 Nf6 2. g3 g6 3. Bg2 Bg7 4. Nf3 O-O 5. Nc3 d6 6. O-O e5 7. d4 Nbd7 8. e3
c6 9. dxe5 dxe5 10. Qd6 Re8 11. Ng5 Bf8 12. Qd2 Qc7 13. b3 Nc5 14. Nge4 Nfxe4
15. Nxe4 Rd8 16. Qc2 Bf5 17. Bb2 Nd3 18. Rfd1 Nxb2 19. Qxb2 Bg7 20. Qc2 Bg4 21.
Rxd8+ Rxd8 22. h3 Bf5 23. Rd1 Qa5 24. Rxd8+ Qxd8 25. Qd2 Qxd2 26. Nxd2 Bc2 27.
Be4 Bd1 28. Bf3 Bc2 1/2-1/2

[Event "Accademia Cup"]
[Site "Roma ITA"]
[Date "1997.??.??"]
[Round "?"]
[White "Guglielmi, Dante"]
[Black "Marino, Giovanni"]
[Result "1/2-1/2"]
[WhiteElo "1651"]
[BlackElo "1869"]
[PlyCount "43"]
[EventDate "1997.??.??"]

1. c4 Nf6 2. g3 c5 3. Bg2 e6 4. Nf3 Nc6 5. O-O Be7 6. Nc3 O-O 7. d4 cxd4 8.
Nxd4 a6 9. b3 Qc7 10. Bb2 b6 11. Ne4 Bb7 12. Nxc6 dxc6 13. Nxf6+ Bxf6 14. Bxf6
gxf6 15. Qd4 f5 16. Rfd1 Rad8 17. Qf6 Rd6 18. Rd4 Rxd4 19. Qxd4 c5 20. Qf6 Bxg2
21. Kxg2 Qd8 22. Qc3 1/2-1/2

[Event "Accademia Cup"]
[Site "Roma ITA"]
[Date "1997.??.??"]
[Round "?"]
[White "Guglielmi, Dante"]
[Black "Quaglia, Ferdinando"]
[Result "1-0"]
[WhiteElo "1651"]
[BlackElo "1541"]
[PlyCount "107"]
[EventDate "1997.??.??"]

1. c4 e6 2. Nf3 Nf6 3. g3 c6 4. Bg2 d5 5. b3 dxc4 6. bxc4 Qb6 7. O-O Be7 8. d3
O-O 9. Nbd2 Nbd7 10. Rb1 Qc7 11. Bb2 Rd8 12. Qc2 Bd6 13. Qc3 Nc5 14. Ne4 Ncxe4
15. dxe4 Be7 16. Rfd1 Rxd1+ 17. Rxd1 Bd7 18. Qc2 Rd8 19. Be5 Qc8 20. c5 Be8 21.
Bd6 Bxd6 22. cxd6 Qb8 23. e5 Nd7 24. Ng5 g6 25. f4 h6 26. Ne4 Kg7 27. Rb1 Nb6
28. Nc5 Bd7 29. a4 Bc8 30. a5 Nd7 31. Nxb7 Bxb7 32. a6 Nb6 33. axb7 Qxb7 34.
Qxc6 Qb8 35. Qb7 Qxb7 36. Bxb7 Rb8 37. Bf3 Nd7 38. Ra1 g5 39. Rxa7 Nb6 40. Bh5
Rf8 41. Rb7 Nd5 42. e4 Nc3 43. f5 exf5 44. exf5 Ne4 45. Bxf7 Rxf7 46. d7 g4 47.
e6 Nd6 48. Rb6 Rxd7 49. exd7 Nf7 50. Rb8 Kf6 51. d8=Q+ Nxd8 52. Rxd8 Kg5 53.
Rf8 h5 54. f6 1-0